| 000 | 00845nam a2200229 i 4500 | ||
|---|---|---|---|
| 001 | 54694 | ||
| 003 | ES-MaACL | ||
| 005 | 20240116184026.0 | ||
| 007 | t| | ||
| 008 | 040112s2002 sp ||||0| spa d | ||
| 020 | _a84-922159-9-2 | ||
| 040 |
_aM-BN _bspa _cM-BN |
||
| 080 | _a929 Jovellanos, Gaspar Melchor de | ||
| 100 | 1 |
_aAlvarez-Valdés y Valdés, Manuel. _920988 |
|
| 245 | 1 | 0 |
_aJovellanos, enigmas y certezas / _cManuel Alvarez-Valdés y Valdés ; prólogo de Gonzalo Anes. |
| 260 |
_aGijón : _bFundación Alvargonzález : _bFundación Foro Jovellanos del Principado de Asturias, _c2002. |
||
| 300 |
_aVII, 585 p : _bil. col. y n ; _c24 cm. |
||
| 504 | _aBibliografía: p. 545-564. | ||
| 600 | 1 | 0 |
_aJovellanos, Gaspar Melchor de, _d1744-1811 _9222580 |
| 852 |
_aES-MaACL _jL-26765 _bR.132362 |
||
| 999 |
_c54694 _d54694 |
||